| 000 | 00487nam a2200181Ia 4500 | ||
|---|---|---|---|
| 001 | 17311 | ||
| 005 | 20260306171508.0 | ||
| 008 | 260306s9999||||xx |||||||||||||| ||und|| | ||
| 041 | _aESP | ||
| 082 |
_a657.61 _bP21 |
||
| 100 |
_aPalomino Ochoa, Juan José _eAUT |
||
| 245 | 0 | _aNuevo plan contable general empresarial actualizado con la aplicación de las NIIF | |
| 260 | _c2019 | ||
| 300 |
_a271 páginas : _c21 cm. |
||
| 650 | _aGEN | ||
| 654 | _aCCO | ||
| 942 |
_cLIB _dJUS _fJUS _2ddc _n |
||
| 999 |
_c17311 _d17311 |
||